000 00336nam a2200145Ia 4500
008 150201s2003 xx 000 0 und d
082 _a611
_bI2003W
100 _aWEIR JAMIE
245 _aIMAGING ATLAS OF HUMAN ANATOMY
250 _a3RD
260 _bMOSBY
_aEDINBURG
_c2003
300 _a1-226
650 _aANATOMY
942 _2ddc
_cBK
999 _c3441
_d3441